Groundwater hydrology (Record no. 386487)

MARC details
000 -LEADER
fixed length control field 00481 a2200193 4500
005 - DATE & TIME
control field 20250226100619.0
008 - FIXED-LENGTH DATA ELEMENTS--GENERAL INFORMATION
fixed length control field 250226b |||||||| |||| 00| 0 eng d
020 ## - ISBN
International Standard Book Number 9789332901704
Price Rs. 895.00
040 ## - CATALOGING SOURCE
Original cataloging agency VIVEKANANDA LIBRARY
082 ## - DDC NUMBER
Classification number 551.49
Book Number B665G
100 ## - MAIN ENTRY--PERSONAL NAME
Personal name Bouwer, Herman
245 ## - TITLE STATEMENT
Title Groundwater hydrology
260 ## - PUBLICATION, DISTRIBUTION, ETC. (IMPRINT)
Name of publisher, distributor, etc McGraw hill education
Date of publication, distribution, etc 2017
Place of publication, distribution, etc Chennai
300 ## - PHYSICAL DESCRIPTION
Pages xii, 480
650 ## - Subject
Subject Groundwater
650 ## - Subject
Subject Hydrology
650 ## - Subject
Subject Engineering
942 ## - ADDED ENTRY ELEMENTS (KOHA)
Koha item type Books
Holdings
Withdrawn status Lost status Source of classification or shelving scheme Damaged status Not for loan Location (home branch) Sublocation or collection (holding branch) Shelving location Date acquired Koha issues (times borrowed) Koha full call number Accession No. Koha date last seen Koha item type
    Dewey Decimal Classification     VIVEKANANDA LIBRARY VIVEKANANDA LIBRARY UIET Library 18/02/2025   551.49 B665G 430822 18/02/2025 Books
    Dewey Decimal Classification     VIVEKANANDA LIBRARY VIVEKANANDA LIBRARY UIET Library 18/02/2025   551.49 B665G 430823 18/02/2025 Books
© Designed and Maintained by Vivekananda Library, MDU Rohtak